000
00290nam a2200121 a 4500
005
20141022142007.0
008
081003s19uu xx 00 eng d
050
_a
VCD
_b
W72 2004
245
_a
Wings over afghanistan.
650
_a
VCD.
650
_a
Wings over afghanistan.
942
_c
AVM
999
_c
276555
_d
276555